[Event "Northumberland-ch Zollner"]
[Site "Northumberland"]
[Date "2018.11.24"]
[Round "2"]
[White "Trevelyan, Andy"]
[Black "Riding, Mick D"]
[Result "1-0"]
[WhiteElo "159"]
[BlackElo "174"]
[PlyCount "76"]
[EventDate "2018.10.27"]
[EventType "swiss"]
[EventRounds "7"]
[EventCountry "ENG"]
[SourceTitle "EXT 2020"]
[Source "ChessBase"]
[SourceDate "2019.10.17"]
[SourceVersion "1"]
[SourceVersionDate "2019.10.17"]
[SourceQuality "1"]

1. Nf3 d6 2. g3 e5 3. d3 f5 4. e4 fxe4 5. dxe4 Nf6 6. Nc3 Be7 7. Bc4 c6 8. Ng5 d5 9. exd5 b5 10. Bb3 Bg4 11. f3 b4 12. fxg4 bxc3 13. d6 Qxd6 14. Qxd6 Bxd6 15. Nf7 Bb4 16. 0-0 Rf8 17. Nxe5 Kd8 18. Ba4 Kc7 19. Nd3 cxb2 20. Bxb2 Bd2 21. Ne5 Nbd7 22. Nxd7 Be3+ 23. Kg2 Kxd7 24. Rad1+ Kc7 25. Be5+ Kb6 26. Rb1+ Kc5 27. h3 Rad8 28. Bc3 Nd5 29. Bxg7 Rxf1 30. Rxf1 Bd4 31. Bxd4+ Kxd4 32. Rf7 Rd6 33. Rxh7 Ne3+ 34. Kf2 Nd1+ 35. Ke1 Nc3 36. Bb3 c5 37. Rf7 c4 38. Rf4+ Ke3 1-0

[Event "Doncaster 4NCL op-B 18th"]
[Site "Doncaster"]
[Date "2018.04.13"]
[Round "1.8"]
[White "Catt, Peter"]
[Black "Riding, Mick D"]
[Result "1/2-1/2"]
[WhiteElo "1710"]
[BlackElo "1866"]
[PlyCount "63"]
[EventDate "2018.04.13"]
[EventType "swiss"]
[EventRounds "5"]
[EventCountry "ENG"]
[SourceTitle "EXT 2023"]
[Source "ChessBase"]
[SourceDate "2022.10.05"]
[SourceVersion "1"]
[SourceVersionDate "2022.10.05"]
[SourceQuality "1"]

1. e4 c5 2. Nf3 g6 3. d4 cxd4 4. Nxd4 Nc6 5. Nc3 Bg7 6. Be3 Nf6 7. f3 0-0 8. Bc4 d5 9. Nxd5 Nxd5 10. exd5 Nb4 11. Qd2 Nxd5 12. Bxd5 Qxd5 13. c3 Rd8 14. 0-0 e5 15. Nb3 Qxd2 16. Nxd2 Rd3 17. Rfe1 Be6 18. Ne4 b6 19. Nf2 Rd7 20. Red1 Rad8 21. Rxd7 Rxd7 22. b3 f5 23. Rd1 Rxd1+ 24. Nxd1 f4 25. Bd2 Bf5 26. Nf2 Bb1 27. a3 Kf7 28. Ne4 h6 29. Nd6+ Ke6 30. Nc8 Bf8 31. b4 Kd5 32. Nxa7 1/2-1/2

[Event "Doncaster 4NCL op-B 15th"]
[Site "Doncaster"]
[Date "2017.09.09"]
[Round "2"]
[White "Riding, Mick D"]
[Black "Bennett, Dominic"]
[Result "1/2-1/2"]
[WhiteElo "1866"]
[BlackElo "1962"]
[PlyCount "77"]
[EventDate "2017.09.08"]
[EventType "swiss"]
[EventRounds "5"]
[EventCountry "ENG"]
[SourceTitle "CBM 180 Extra"]
[Source "ChessBase"]
[SourceDate "2017.10.06"]
[SourceVersion "1"]
[SourceVersionDate "2017.10.06"]
[SourceQuality "1"]

1. f4 d5 2. Nf3 g6 3. g3 Bg7 4. Bg2 Nf6 5. 0-0 b6 6. d3 Bb7 7. Qe1 0-0 8. Nc3 d4 9. Nd1 c5 10. e4 dxe3 11. Nxe3 Ne8 12. f5 Nd6 13. fxg6 hxg6 14. Ng4 Nf5 15. c3 Na6 16. Bg5 Nc7 17. Qd2 Ne6 18. Nh6+ Nxh6 19. Bxh6 Qc7 20. Rae1 Rad8 21. Rxe6 fxe6 22. Bxg7 Kxg7 23. Ng5 Rxf1+ 24. Bxf1 Qe5 25. Bh3 Bc8 26. Nf3 Qd5 27. Qe3 Rf8 28. Bg2 Qh5 29. h3 Qf5 30. Nh4 Qf6 31. Qe4 Ba6 32. c4 Qd4+ 33. Qxd4+ cxd4 34. Be4 Rf6 35. Nf3 Bc8 36. g4 Bd7 37. Nxd4 Be8 38. g5 Rf7 39. Nxe6+ 1/2-1/2

[Event "London Classic op U2050-A 8th"]
[Site "London"]
[Date "2016.12.10"]
[Round "3"]
[White "Sanchez Arevalo, Luis Ortiz"]
[Black "Riding, Mick D"]
[Result "0-1"]
[WhiteElo "1836"]
[BlackElo "1898"]
[PlyCount "78"]
[EventDate "2016.12.09"]
[EventType "swiss"]
[EventRounds "5"]
[EventCountry "ENG"]
[SourceTitle "EXT 2019"]
[Source "ChessBase"]
[SourceDate "2018.10.10"]
[SourceVersion "1"]
[SourceVersionDate "2018.10.10"]
[SourceQuality "1"]

1. c4 g6 2. Nc3 Bg7 3. g3 e5 4. Bg2 d6 5. d3 f5 6. e4 Nf6 7. Nge2 0-0 8. 0-0 c6 9. Rb1 Be6 10. b4 Nbd7 11. b5 Nc5 12. bxc6 fxe4 13. cxb7 Rb8 14. Nxe4 Nfxe4 15. dxe4 Bxc4 16. Rb4 Ba6 17. Be3 Rxb7 18. Qd5+ Rbf7 19. Rb2 Qe7 20. Rd1 Bb7 21. Qxd6 Qxd6 22. Rxd6 Nxe4 23. Rd1 Nxf2 24. Rf1 Bxg2 25. Rxf2 Bh3 26. Nc1 e4 27. Rbe2 Rd8 28. Re1 Bc3 29. Ref1 Bxf1 30. Kxf1 Rxf2+ 31. Kxf2 Bd2 32. Nb3 Bxe3+ 33. Kxe3 Rc8 34. h4 Rc2 35. Kxe4 Rxa2 36. Kf4 a5 37. Kg5 Ra3 38. Nd4 Rxg3+ 39. Kh6 Rg4 0-1

[Event "BCF-ch Week1 PM op"]
[Site "Coventry"]
[Date "2015.07.29"]
[Round "3"]
[White "Snook Lumb, Chris"]
[Black "Riding, Mick D"]
[Result "1/2-1/2"]
[WhiteElo "1664"]
[BlackElo "1881"]
[PlyCount "95"]
[EventDate "2015.07.27"]
[EventType "swiss"]
[EventRounds "5"]
[EventCountry "ENG"]
[SourceTitle "EXT 2016"]
[Source "ChessBase"]
[SourceDate "2015.10.08"]
[SourceVersion "1"]
[SourceVersionDate "2015.10.08"]
[SourceQuality "1"]

1. c4 f5 2. g3 Nf6 3. Bg2 g6 4. Nc3 d6 5. d4 Bg7 6. Nh3 c6 7. 0-0 0-0 8. Bg5 h6 9. Bxf6 Bxf6 10. Nf4 Qe8 11. d5 Na6 12. e4 Nc5 13. Re1 Bxc3 14. bxc3 fxe4 15. Bxe4 Nxe4 16. Rxe4 Bf5 17. Re3 Qf7 18. Qe2 Rae8 19. Re1 g5 20. Ne6 Bxe6 21. Rxe6 Kg7 22. Qe3 c5 23. h4 Qf5 24. h5 Rf6 25. Kg2 g4 26. Rxf6 Qxf6 27. Qe4 Qg5 28. Rh1 Rf8 29. Rh4 Qf5 30. Rxg4+ Kh7 31. Qxe7+ Rf7 32. Qe4 a6 33. Rf4 Qxe4+ 34. Rxe4 b5 35. Re6 Rd7 36. cxb5 axb5 37. f4 b4 38. c4 Ra7 39. Re2 Ra3 40. Re7+ Kg8 41. Re6 Rxa2+ 42. Kh3 b3 43. Rxd6 Ra4 44. Rd8+ Kf7 45. d6 b2 46. d7 b1Q 47. Rf8+ Kxf8 48. d8Q+ 1/2-1/2